Villes de Moselle - Mort subite - Statistiques

Statistiques générales
  • Ce quiz a été pris 1 374 fois
  • Le résultat moyen est 7 sur 20
Answers on the Grid
Answers color-coded by a green-red scale on the quiz's grid according to % correct below.
Metz
Thionville
Forbach
Sarrebruck
Trèves
Sarrelouis
Épinal
Lunéville
Briey
Longwy
Sarreguemines
Sarrebourg
Pont-à-Mousson
Sarralbe
Sarre-Union
Saverne
Hagondange
Hayange
Guénange
Algrange
Florange
Talange
Mondelange
Longeville-lès-Sarrelouis
Pétange
Bouzonville
Creutzwald
Saint-Avold
Longeville-lès-Metz
Longeville-lès-Saint-Avold
Montigny-lès-Metz
Marly-lès-Metz
Amnéville
Sélestat
Dudelange
Differdange
 
Statistiques - réponses
Réponse % Correct
Metz
52%
Thionville
49%
Montigny-lès-Metz
44%
Amnéville
41%
Longeville-lès-Metz
39%
Forbach
38%
Saint-Avold
36%
Creutzwald
33%
Hagondange
33%
Hayange
33%
Florange
32%
Longeville-lès-Saint-Avold
32%
Sarreguemines
30%
Talange
30%
Bouzonville
28%
Sarrebourg
27%
Guénange
26%
Mondelange
26%
Algrange
23%
Sarralbe
18%
Aucun quiz correspondant
Distribution des résultats
% des personnes avec chaque résultat
Percentile par nombre de réponses
Votre historique - résultats
Vous n’avez pas pris ce quiz